| 000 | 00381cam a2200157ua 4500 | ||
|---|---|---|---|
| 041 |
_aeng _h |
||
| 082 |
_a823.308 _bDIC/BL |
||
| 100 | _aDickens, Charles. | ||
| 245 |
_aBleak house / _cCharles Dickens. _hTextual Documents |
||
| 250 |
_a1 / _b. |
||
| 260 |
_aLondon : _bOxford University Press , _c1955. |
||
| 300 | _a352 ; . | ||
| 504 | _a | ||
| 942 | _cBK | ||
| 999 |
_c6806 _d6806 |
||